Central Library OPAC University of Rajshahi

The American past : (Record no. 27898)

MARC details
000 -LEADER
fixed length control field 00910nam a2200289 i 4500
001 - CONTROL NUMBER
control field 27898
003 - CONTROL NUMBER IDENTIFIER
rucl marc code BD-RjUL
005 - DATE AND TIME OF LATEST TRANSACTION
control field 20211209051220.0
008 - FIXED-LENGTH DATA ELEMENTS--GENERAL INFORMATION
fixed length control field 140327s1976 nyu b 000 0 eng
020 ## - INTERNATIONAL STANDARD BOOK NUMBER
International Standard Book Number 0023375310 (v. 1)
035 ## - SYSTEM CONTROL NUMBER
System control number (BD-RjUL)27978
040 ## - CATALOGING SOURCE
Original cataloging agency DLC
Transcribing agency DLC
Modifying agency DLC
-- BD-RjUL
Language of cataloging eng
041 ## - LANGUAGE CODE
Language code of text/sound track or separate title eng
082 00 - DEWEY DECIMAL CLASSIFICATION NUMBER
Classification number 973
Author mark and year AME V-I 1976
245 14 - TITLE STATEMENT
Title The American past :
Remainder of title conflicting interpretations of the great issues /
Statement of responsibility, etc. edited by Sidney Fine and Gerald S. Brown.
Number of part/section of a work VOLUME I
250 ## - EDITION STATEMENT
Edition statement 4th ed.
260 ## - PUBLICATION, DISTRIBUTION, ETC. (IMPRINT)
Place of publication, distribution, etc. New York :
Name of publisher, distributor, etc. Macmillan,
Date of publication, distribution, etc. c1976.
300 ## - PHYSICAL DESCRIPTION
Pagination 2 v. ;
Size 24 cm.
504 ## - BIBLIOGRAPHY, ETC. NOTE
Bibliography, etc Includes bibliographical references.
651 #0 - SUBJECT ADDED ENTRY--GEOGRAPHIC NAME
Geographic name United States
General subdivision History.
9 (RLIN) 85564
Geographic name United States
General subdivision History
-- Philosophy.
9 (RLIN) 84170
700 1# - ADDED ENTRY--PERSONAL NAME
Personal name Fine, Sidney,
Personal name Brown, Gerald Saxon,
Relator term ed.
942 ## - ADDED ENTRY ELEMENTS (KOHA)
Source of classification or shelving scheme Dewey Decimal Classification
Koha item type Books
Holdings
Lost status Source of classification or shelving scheme Damaged status Not for loan Collection code Permanent Location Current Location Shelving location Date acquired Source of acquisition Total Checkouts Full call number Date last seen Copy number Koha item type
  Dewey Decimal Classification   Added to bundle Non-fiction Central Library, University of Rajshahi Central Library, University of Rajshahi Reading Room 22/07/1985 Asia foundation   973 AME V-I 1976 27/03/2014 C-1 Books